Stratagem Hero - Helldivers 2 Stratagem Inputs Quiz - Statistics

General Stats
  • This quiz has been taken 33 times
  • The average score is 5 of 21
Answer Stats
Hint Answer % Correct
⬆️ ➡️ ⬇️ ⬇️ ⬇️ Eagle 500kg Bomb
67%
⬇️ ⬆️ ⬅️ ⬇️ ⬆️ ➡️ ⬇️ ⬆️ Hellbomb
56%
⬇️ ⬆️ ⬆️ ⬇️ ⬆️ Jump Pack
44%
➡️ ➡️ ⬆️ Orbital Precision Strike
44%
⬇️ ⬇️ ⬆️ ➡️ Resupply
44%
⬆️ ➡️ ⬇️ ➡️ Eagle Airstrike
33%
⬇️ ⬆️ ➡️ ⬅️ Gatling Sentry
33%
⬅️ ⬇️ ➡️ ⬆️ ⬅️ ⬇️ ⬆️ Emancipator Exosuit
22%
➡️ ➡️ ⬆️ ⬅️ ➡️ ⬇️ Orbital Napalm Barrage
22%
⬆️ ⬇️ ➡️ ⬅️ ⬆️ Reinforce
22%
⬇️ ⬇️ ⬇️ ⬆️ ⬆️ SSSD Delivery
22%
⬇️ ⬅️ ➡️ ⬆️ ⬇️ Anti Materiel Rifle
11%
⬇️ ⬅️ ⬆️ ⬆️ ➡️ Breaching Hammer
11%
⬇️ ⬅️ ➡️ ➡️ ⬆️ One True Flag
11%
➡️ ⬇️ ⬆️ ➡️ ⬇️ Orbital Laser
11%
⬅️ ⬇️ ➡️ ⬆️ ⬅️ ⬇️ ⬇️ Patriot Exosuit
11%
⬇️ ⬇️ ⬆️ ⬅️ ➡️ Quasar Cannon
11%
⬇️ ⬆️ ⬅️ ⬆️ ➡️ ➡️ Rover
11%
➡️ ⬆️ ⬆️ ⬇️ SEAF Artillery
11%
⬇️ ⬆️ ➡️ ➡️ ⬆️ Machine Gun Sentry
0%
⬆️ ⬇️ ➡️ ⬆️ SOS Beacon
0%
No matching quizzes found
Score Distribution
Percent of People with Each Score
Percentile by Number Answered
Your Score History
You have not taken this quiz